Drop a C Quiz Stats

 Plays Quiz Updated Apr 28, 2014

Also try: Drop an E
Challenge
Share
Tweet
Embed
Score 0/15 Timer 03:00
2 Plays Today
% Correct
CRAFTING
94.6%
CHARMLESS
89.7%
RECORDER
88.8%
BATCHES
88.6%
CHICK
86.5%
EXCITED
83.9%
HITCHER
80.7%
SCARCE
76.6%
% Correct
CHAP
75.5%
DITCHERS
73.6%
SCONCES
72%
HATCH
68%
PARSECS
61.2%
CHIC
57.8%
SACRIFICES
13.8%

You're not logged in!

Compare scores with friends on all Sporcle quizzes.
Join for Free
OR
Log In

You Might Also Like...

Show Comments

Extras

Top Quizzes Today


Score Distribution

Your Account Isn't Verified!

In order to create a playlist on Sporcle, you need to verify the email address you used during registration. Go to your Sporcle Settings to finish the process.

Report this User

Report this user for behavior that violates our Community Guidelines.

Details: